[Event "Oberliga Sued W 1920"]
[Site "Germany"]
[Date "2021.07.11"]
[Round "8.5"]
[White "Forthoffer, Patrick"]
[Black "Huseynov, Ahad"]
[Result "1/2-1/2"]
[WhiteElo "2144"]
[BlackElo "2098"]
[PlyCount "126"]
[EventDate "2019.09.29"]
[EventType "team-tourn"]
[EventRounds "9"]
[EventCountry "GER"]
[SourceTitle "EXT 2023"]
[Source "ChessBase"]
[SourceDate "2022.10.05"]
[SourceVersion "1"]
[SourceVersionDate "2022.10.05"]
[SourceQuality "1"]
[WhiteTeam "Saarbruecken Gambit"]
[BlackTeam "Frankenthal"]
[WhiteTeamCountry "GER"]
[BlackTeamCountry "GER"]

1. d4 Nf6 2. c4 g6 3. Nc3 Bg7 4. e4 d6 5. Nge2 0-0 6. Ng3 c5 7. d5 a6 8. Bg5 b5 9. cxb5 axb5 10. Bxb5 Ba6 11. 0-0 Nbd7 12. Qe2 Bxb5 13. Nxb5 Nb6 14. b3 Qd7 15. Rac1 h6 16. Bf4 Rfb8 17. a4 Ne8 18. Rc2 e6 19. Qd2 exd5 20. exd5 g5 21. Be3 Nf6 22. h4 gxh4 23. Bxh6 Qg4 24. Bxg7 Kxg7 25. Rc3 Nbxd5 26. Rf3 Rh8 27. Nxd6 Rag8 28. Re1 Rh7 29. Ndf5+ Kh8 30. Nh6 Qg5 31. Qxg5 Rxg5 32. Ngf5 Rg6 33. a5 Nb4 34. Re7 Rhxh6 35. Nxh6 Rxh6 36. Rxf7 Nfd5 37. Rf8+ Kg7 38. Rc8 Na6 39. Rd3 Rh5 40. Ra8 Nac7 41. Rc8 Na6 42. Ra8 Nac7 43. Ra7 Kf6 44. Rd1 Ke6 45. Rc1 Kd6 46. Rc4 h3 47. g3 Kc6 48. Kh2 Re5 49. Kxh3 Re2 50. b4 Nxb4 51. Rxc7+ Kxc7 52. Rxc5+ Kd6 53. Rf5 Ra2 54. g4 Nd5 55. Kh4 Rxa5 56. f4 Ra8 57. g5 Rh8+ 58. Kg3 Re8 59. Rf7 Ke6 60. g6 Ne7 61. Rh7 Nxg6 62. Kg4 Kf6 63. Ra7 Nxf4 1/2-1/2

[Event "FIDE World Uni Rapid-E 1st"]
[Site "Tornelo INT"]
[Date "2021.03.20"]
[Round "4"]
[White "Hess, Max"]
[Black "Huseynov, Ahad"]
[Result "1-0"]
[WhiteElo "2441"]
[BlackElo "2098"]
[PlyCount "61"]
[EventDate "2021.03.20"]
[EventType "swiss (rapid)"]
[EventRounds "12"]
[EventCountry "NET"]
[SourceTitle "EXT 2022"]
[Source "ChessBase"]
[SourceDate "2021.10.06"]
[SourceVersion "1"]
[SourceVersionDate "2021.10.06"]
[SourceQuality "1"]

1. e4 e5 2. Nf3 Nc6 3. Bb5 a6 4. Ba4 Nf6 5. 0-0 Be7 6. Re1 b5 7. Bb3 d6 8. a4 b4 9. d4 Bg4 10. dxe5 dxe5 11. Qxd8+ Rxd8 12. Nbd2 0-0 13. h3 Bxf3 14. Nxf3 h6 15. a5 Bc5 16. c3 bxc3 17. bxc3 Bd6 18. Bc4 Ra8 19. Be3 Rfb8 20. Nd2 Ne7 21. Reb1 Rxb1+ 22. Rxb1 Nd7 23. Rb7 Nc6 24. Nb3 Nd8 25. Ra7 Rxa7 26. Bxa7 Nc6 27. Be3 Kf8 28. Bxa6 Ke8 29. Bb7 Nd8 30. a6 Nxb7 31. a7 1-0

[Event "Pfalz op 10th"]
[Site "Neustadt an der Weinstrasse"]
[Date "2019.03.01"]
[Round "1"]
[White "Pap, Misa"]
[Black "Huseynov, Ahad"]
[Result "1-0"]
[WhiteElo "2491"]
[BlackElo "2066"]
[PlyCount "93"]
[EventDate "2019.03.01"]
[EventType "swiss"]
[EventRounds "9"]
[EventCountry "GER"]
[SourceTitle "CBM 189 Extra"]
[Source "ChessBase"]
[SourceDate "2019.06.03"]
[SourceVersion "1"]
[SourceVersionDate "2019.06.03"]
[SourceQuality "1"]

1. e4 e5 2. Nf3 Nc6 3. Bb5 a6 4. Ba4 Nf6 5. 0-0 Be7 6. Re1 b5 7. Bb3 d6 8. c3 Na5 9. Bc2 c5 10. d4 Qc7 11. Nbd2 0-0 12. b3 Nc6 13. d5 Nb8 14. a4 Bb7 15. Bd3 bxa4 16. bxa4 a5 17. Nc4 Nbd7 18. Bg5 Rfd8 19. Qe2 h6 20. Bd2 Kh7 21. Na3 g6 22. Nb5 Qc8 23. c4 Rf8 24. Reb1 Ne8 25. Qe3 Rh8 26. Qxh6+ Kg8 27. Qe3 Ndf6 28. h3 Nh5 29. Qe1 Nf4 30. Bxf4 exf4 31. Ra3 g5 32. Nh2 Qd8 33. Be2 Bc8 34. Bg4 Bxg4 35. Nxg4 Nf6 36. e5 Nxg4 37. hxg4 dxe5 38. Qxe5 Bf6 39. Qd6 Kg7 40. Qxd8 Rhxd8 41. Re1 Re8 42. Rxe8 Rxe8 43. Kf1 Be5 44. Rd3 Kf6 45. Ke2 Bb8+ 46. Kf3 Ke5 47. d6 1-0

[Event "Pfalz-ch MT-B 87th"]
[Site "Landau"]
[Date "2018.03.23"]
[Round "1"]
[White "Louis, Volker"]
[Black "Huseynov, Ahad"]
[Result "1/2-1/2"]
[WhiteElo "2111"]
[BlackElo "2020"]
[PlyCount "118"]
[EventDate "2018.03.23"]
[EventType "tourn"]
[EventRounds "9"]
[EventCountry "GER"]
[SourceTitle "EXT 2019"]
[Source "ChessBase"]
[SourceDate "2018.10.10"]
[SourceVersion "1"]
[SourceVersionDate "2018.10.10"]
[SourceQuality "1"]

1. d4 Nf6 2. c4 g6 3. Nc3 Bg7 4. e4 d6 5. Be2 Nbd7 6. Bg5 h6 7. Be3 0-0 8. g4 e5 9. d5 Nc5 10. f3 a5 11. h4 Ne8 12. Qd2 Kh7 13. h5 g5 14. Nh3 Bf6 15. Nf2 Bd7 16. 0-0 b6 17. b3 Ng7 18. Qc2 Kh8 19. a3 a4 20. bxa4 Nxa4 21. Nd3 Nxc3 22. Qxc3 Qe7 23. Bd1 Ra5 24. Rf2 Rfa8 25. Rfa2 Ne8 26. Qb4 Bg7 27. Bd2 Ba4 28. Bxa4 Rxa4 29. Qb3 Nf6 30. Nb2 R4a6 31. a4 Nd7 32. Nd3 Nc5 33. Qc2 Nxd3 34. Qxd3 Qd7 35. Qb3 Bf6 36. a5 bxa5 37. Rxa5 Rxa5 38. Rxa5 Rxa5 39. Bxa5 Kg7 40. Qb7 Bd8 41. Qc6 Qc8 42. Be1 Qb8 43. Bf2 Be7 44. Kg2 Kf8 45. Kg3 Kg7 46. Be3 Kf8 47. Qa6 Kg7 48. Bd2 Qb6 49. Qxb6 cxb6 50. Kf2 Kf8 51. Ke2 Ke8 52. Kd3 Kd7 53. Kc3 Kc7 54. Kb4 Kb7 55. Kb5 f6 56. Be3 Bd8 57. Bc1 Bc7 58. Ba3 Bb8 59. Bb4 Bc7 1/2-1/2

[Event "Pfalz-ch MAT2 86th"]
[Site "Wolfstein"]
[Date "2017.04.13"]
[Round "5"]
[White "Schwartz, Andreas"]
[Black "Huseynov, Ahad"]
[Result "1-0"]
[WhiteElo "2007"]
[BlackElo "1948"]
[PlyCount "173"]
[EventDate "2017.04.07"]
[EventType "tourn"]
[EventRounds "9"]
[EventCountry "GER"]
[SourceTitle "EXT 2018"]
[Source "ChessBase"]
[SourceDate "2017.10.13"]
[SourceVersion "1"]
[SourceVersionDate "2017.10.13"]
[SourceQuality "1"]

1. d4 Nf6 2. Bf4 d5 3. e3 c6 4. c4 e6 5. Nc3 Bd6 6. Bg3 Qe7 7. Nf3 Bxg3 8. hxg3 Qb4 9. Qb3 a5 10. Bd3 dxc4 11. Bxc4 b5 12. Bd3 Qxb3 13. axb3 Bb7 14. 0-0 0-0 15. Ra2 Na6 16. Rxa5 Nb4 17. Rxa8 Rxa8 18. Be2 Nd7 19. Rd1 Kf8 20. Ne1 Ke7 21. Nd3 Nxd3 22. Bxd3 Nb6 23. Rc1 Nd7 24. Be4 Ra7 25. Bf3 h6 26. Kf1 Kd8 27. Ke2 Nf6 28. Kd2 Kd7 29. Ne4 Nxe4+ 30. Bxe4 Kd6 31. b4 Ra4 32. Kc3 Ra8 33. Kb3 Ra4 34. Bf3 Ra6 35. g4 Ra8 36. Rh1 Ke7 37. Be4 Kd6 38. f4 Bc8 39. Bf3 f5 40. Re1 Bd7 41. Kc3 Ra2 42. Rh1 Ra8 43. Be2 Ke7 44. g3 Kf6 45. Bf3 Be8 46. Kb3 Ra6 47. Rc1 Bd7 48. e4 fxe4 49. Bxe4 Ke7 50. g5 hxg5 51. fxg5 Be8 52. Rh1 Ra7 53. Rh7 Kf7 54. Rh8 Ra8 55. Bf3 Ke7 56. Bh5 Rd8 57. Bxe8 Rxe8 58. Rxe8+ Kxe8 59. Kc3 Kf7 60. Kd3 Kg6 61. Ke4 Kxg5 62. Ke5 Kg4 63. Kxe6 Kxg3 64. Kd6 Kf3 65. Kxc6 g5 66. d5 g4 67. d6 g3 68. d7 g2 69. d8Q g1Q 70. Qd5+ Kf4 71. Kxb5 Qa7 72. Qd6+ Ke4 73. Qc5 Qb7+ 74. Ka4 Qa8+ 75. Kb3 Kd3 76. Qc4+ Ke3 77. b5 Qa1 78. Qc3+ Kf2 79. b6 Qa8 80. Qd4+ Ke1 81. Kb4 Qb7 82. Kb5 Ke2 83. b4 Kf3 84. Qd6 Kg4 85. Qc6 Qh7 86. b7 Qd3+ 87. Kb6 1-0